The international Jew

Bibliographic Details
Main Author: Ford, Henry (Author)
Format: Book
Published: Karachi : Umma Publishing House , 1970
Subjects:

MARC

LEADER 00000cam a2200000 7i4500
001 0000004172
005 20200923093000.0
008 021118s1970
050 0 0 |a DS141   |b .F67 1970 
090 0 0 |a DS141   |b .F67 1970 
100 0 |a Ford, Henry ,   |e author 
245 1 4 |a The international Jew   |c Henry Ford 
260 2 |a Karachi :   |b Umma Publishing House ,   |c 1970 
300 |a 264 p. ;   |c 18 cm. 
650 0 |a Antisemitism 
650 0 |a Jews 
999 |a 1000001142   |b Book   |c OPEN SHELF (30 DAYS)   |e Gong Badak Campus